<?xml version="1.0" encoding="UTF-8"?>
<record
    xmlns:xsi="http://www.w3.org/2001/XMLSchema-instance"
    xsi:schemaLocation="http://www.loc.gov/MARC21/slim http://www.loc.gov/standards/marcxml/schema/MARC21slim.xsd"
    xmlns="http://www.loc.gov/MARC21/slim">

  <leader>00603nam a2200193Ki 4500</leader>
  <datafield tag="999" ind1=" " ind2=" ">
    <subfield code="c">1152</subfield>
    <subfield code="d">1152</subfield>
  </datafield>
  <controlfield tag="001">6903318</controlfield>
  <controlfield tag="003">OSt</controlfield>
  <controlfield tag="005">20180905132803.0</controlfield>
  <controlfield tag="008">801105s1978    ilu           000 0 eng d</controlfield>
  <datafield tag="040" ind1=" " ind2=" ">
    <subfield code="a">CDC</subfield>
    <subfield code="c">CDC</subfield>
  </datafield>
  <datafield tag="082" ind1=" " ind2=" ">
    <subfield code="a">227.207</subfield>
    <subfield code="b">W439C</subfield>
  </datafield>
  <datafield tag="092" ind1=" " ind2=" ">
    <subfield code="a">227.2</subfield>
    <subfield code="b">W442C</subfield>
  </datafield>
  <datafield tag="100" ind1="1" ind2=" ">
    <subfield code="a">Welch, W. Wilbert,</subfield>
    <subfield code="d">1918-</subfield>
  </datafield>
  <datafield tag="245" ind1="1" ind2="0">
    <subfield code="a">Conduct becoming saints :</subfield>
    <subfield code="b">the book of 1 Corinthians (part 1)&amp; (part 2) /</subfield>
    <subfield code="c">by W. Wilbert Welch</subfield>
  </datafield>
  <datafield tag="260" ind1=" " ind2=" ">
    <subfield code="a">Schaumburg, Ill. :</subfield>
    <subfield code="b">Regular Baptist Press,</subfield>
    <subfield code="c">c1978</subfield>
  </datafield>
  <datafield tag="300" ind1=" " ind2=" ">
    <subfield code="a">126 p. ;</subfield>
    <subfield code="c">18 cm</subfield>
  </datafield>
  <datafield tag="630" ind1="0" ind2="0">
    <subfield code="a">Bible.</subfield>
    <subfield code="p">Corinthians, 1st</subfield>
    <subfield code="x">Study and teaching</subfield>
    <subfield code="x">Textbooks</subfield>
  </datafield>
  <datafield tag="942" ind1=" " ind2=" ">
    <subfield code="2">ddc</subfield>
    <subfield code="c">BK</subfield>
  </datafield>
  <datafield tag="952" ind1=" " ind2=" ">
    <subfield code="0">0</subfield>
    <subfield code="1">0</subfield>
    <subfield code="2">ddc</subfield>
    <subfield code="4">0</subfield>
    <subfield code="7">0</subfield>
    <subfield code="8">NFIC</subfield>
    <subfield code="a">HMC</subfield>
    <subfield code="b">HMC</subfield>
    <subfield code="c">GEN</subfield>
    <subfield code="d">2018-09-05</subfield>
    <subfield code="l">0</subfield>
    <subfield code="o">227.207 W439C</subfield>
    <subfield code="p">003647</subfield>
    <subfield code="r">2018-09-05 00:00:00</subfield>
    <subfield code="w">2018-09-05</subfield>
    <subfield code="y">BK</subfield>
  </datafield>
  <datafield tag="952" ind1=" " ind2=" ">
    <subfield code="0">0</subfield>
    <subfield code="1">0</subfield>
    <subfield code="2">ddc</subfield>
    <subfield code="4">0</subfield>
    <subfield code="7">0</subfield>
    <subfield code="8">NFIC</subfield>
    <subfield code="a">HMC</subfield>
    <subfield code="b">HMC</subfield>
    <subfield code="c">GEN</subfield>
    <subfield code="d">2018-09-05</subfield>
    <subfield code="l">0</subfield>
    <subfield code="o">227.207 W439C</subfield>
    <subfield code="p">003648</subfield>
    <subfield code="r">2018-09-05 00:00:00</subfield>
    <subfield code="w">2018-09-05</subfield>
    <subfield code="y">BK</subfield>
  </datafield>
</record>
